00501 2200181 4500001002100000005001500021020001800036035002000054082000800074084001400082100001800096245008900114250000900203260005600212300003000268650001000298990001100308INLIS00000000000128420200218075547 a602-1595-11-4 a0010-0220000202 a813 a813 SAF s0 aSafira Atalla1 aSurga Juga di Telapak Kaki Ayah :bCinta Kasihnya Tak Pernah Terucap, Namun Terlihat aEd 1 aJakarta :bCV Ilmu Padi Infra Pustaka Makmur,c2013 a216 :bTeks ;c13 x 19 cm aNovel a128920